[Event "9th Boris Kostic mem"]
[Site "Vrsac"]
[EventDate "1981.09.12"]
[Date "1981.09.22"]
[Round "10"]
[White "Kurajica, Bojan"]
[Black "Rajkovic, Dusan"]
[Result "1/2-1/2"]
[WhiteElo "2500"]
[BlackElo "2470"]
[PlyCount "28"]
[Source "Perpetual Check"]

1. Nf3 Nf6 2. d4 e6 3. c4 b6 4. g3 Bb7 5. Bg2 Be7 6. O-O O-O 7. Nc3 Ne4 8. Nxe4
Bxe4 9. Ne1 d5 10. Qa4 Qd7 11. Qxd7 Nxd7 12. cxd5 Bxd5 13. Bxd5 exd5 14. Nf3
Rfe8 1/2-1/2

[Event "9th Boris Kostic mem"]
[Site "Vrsac"]
[EventDate "1981.09.12"]
[Date "1981.09.22"]
[Round "10"]
[White "Matulovic, Milan"]
[Black "Sax, Gyula"]
[Result "1/2-1/2"]
[WhiteElo "2495"]
[BlackElo "2550"]
[PlyCount "36"]
[Source "Perpetual Check"]

1. e4 c5 2. Nf3 d6 3. d4 cxd4 4. Nxd4 Nf6 5. Nc3 g6 6. Be3 Bg7 7. f3 Nc6 8. Qd2
O-O 9. Bc4 Nd7 10. Bb3 Nb6 11. Nd5 Nxd5 12. exd5 Ne5 13. Bh6 Bxh6 14. Qxh6 Qa5+
15. Qd2 Qc5 16. O-O b5 17. Rae1 Re8 18. Re4 f5 1/2-1/2

[Event "9th Boris Kostic mem"]
[Site "Vrsac"]
[EventDate "1981.09.12"]
[Date "1981.09.22"]
[Round "10"]
[White "Cebalo, Miso"]
[Black "Velickovic, Sasa"]
[Result "1/2-1/2"]
[WhiteElo "2500"]
[BlackElo "2410"]
[PlyCount "70"]
[Source "Perpetual Check"]

1. d4 Nf6 2. c4 c5 3. d5 g6 4. Nc3 Bg7 5. e4 O-O 6. f3 d6 7. Be3 e6 8. Qd2 exd5
9. cxd5 a6 10. a4 Nbd7 11. Nh3 Ne5 12. Nf2 Rb8 13. Be2 Qd7 14. O-O b5 15. axb5
axb5 16. b3 b4 17. Na4 Qc7 18. Nb2 Ne8 19. Bh6 f5 20. Bxg7 Nxg7 21. f4 Nf7 22.
g4 fxe4 23. Nxe4 Qe7 24. Nf2 Re8 25. Rfe1 Qf6 26. Nc4 h5 27. Ra7 hxg4 28. Bxg4
Rxe1+ 29. Qxe1 Bxg4 30. Nxg4 Qxf4 31. Qe4 Qg5 32. h4 Qxh4 33. Qxg6 Qg3+ 34. Kh1
Qh3+ 35. Kg1 Qg3+ 1/2-1/2

[Event "9th Boris Kostic mem"]
[Site "Vrsac"]
[EventDate "1981.09.12"]
[Date "1981.09.22"]
[Round "10"]
[White "Chandler, Murray Graham"]
[Black "Popovic, Petar"]
[Result "0-1"]
[WhiteElo "2530"]
[BlackElo "2490"]
[PlyCount "82"]
[Source "Perpetual Check"]

1. d4 Nf6 2. c4 g6 3. Nc3 d5 4. Nf3 Bg7 5. Qb3 dxc4 6. Qxc4 O-O 7. e4 a6 8. Qb3
b5 9. e5 Nfd7 10. h4 Nb6 11. h5 Nc6 12. hxg6 Nxd4 13. gxh7+ Kh8 14. Qd1 Nxf3+
15. Qxf3 Qd4 16. Be2 b4 17. Nd1 Qxe5 18. Bf4 Qe6 19. Bxc7 Nd5 20. Bg3 Bb7 21.
Qb3 a5 22. a4 Rac8 23. Rh2 f5 24. Qd3 Rfd8 25. Qb5 Rc2 26. Qd3 Rdc8 27. Rh5 Nf6
28. Rh4 Ne4 29. Bf4 Qf6 30. Rh5 e5 31. Bh2 R2c7 32. Ne3 f4 33. Nd5 Rc1+ 34.
Rxc1 Rxc1+ 35. Bd1 Qf7 36. Nxf4 exf4 37. Qd8+ Bf8 38. Rxa5 Nd6 39. Qg5 Nc4 40.
Bxf4 Rxd1+ 41. Kxd1 Nxa5 0-1

[Event "9th Boris Kostic mem"]
[Site "Vrsac"]
[EventDate "1981.09.12"]
[Date "1981.09.22"]
[Round "10"]
[White "Smejkal, Jan"]
[Black "Petrosian, Tigran"]
[Result "1-0"]
[WhiteElo "2540"]
[BlackElo "2585"]
[PlyCount "83"]
[Source "Perpetual Check"]

1. c4 e5 2. Nc3 d6 3. d4 g6 4. Nf3 Nd7 5. g3 Bg7 6. Bg2 Ngf6 7. O-O O-O 8. e4
a6 9. Re1 Rb8 10. h3 b5 11. c5 Bb7 12. dxe5 Nxe5 13. Nxe5 dxe5 14. Qc2 c6 15.
b4 Qc7 16. a4 Rfd8 17. Be3 Nd7 18. Qb3 Nf8 19. axb5 axb5 20. Nd5 Qd7 21. Red1
Qe6 22. Bg5 Re8 23. Qe3 cxd5 24. exd5 Qc8 25. c6 Ba8 26. Ra7 h5 27. d6 Bxc6 28.
Rc7 Qf5 29. Bxc6 Ne6 30. Bxe8 Nxg5 31. Bd7 Qf6 32. Kg2 Bf8 33. h4 Ne6 34. Bxe6
Qxe6 35. d7 Rd8 36. Qe4 Kg7 37. Qd5 Bxb4 38. Rc8 Be7 39. Qxe6 fxe6 40. Rxd8
Bxd8 41. Rb1 Kf6 42. Rxb5 1-0

[Event "9th Boris Kostic mem"]
[Site "Vrsac"]
[EventDate "1981.09.12"]
[Date "1981.09.24"]
[Round "11"]
[White "Rajkovic, Dusan"]
[Black "Matulovic, Milan"]
[Result "1/2-1/2"]
[WhiteElo "2470"]
[BlackElo "2495"]
[PlyCount "28"]
[Source "Perpetual Check"]

1. e4 c5 2. Nf3 Nc6 3. d4 cxd4 4. Nxd4 Nf6 5. Nc3 e6 6. Bf4 d6 7. Nxc6 bxc6 8.
e5 Nd5 9. Nxd5 cxd5 10. Bb5+ Bd7 11. Bxd7+ Qxd7 12. exd6 Bxd6 13. Bxd6 Qxd6 14.
O-O O-O 1/2-1/2

[Event "9th Boris Kostic mem"]
[Site "Vrsac"]
[EventDate "1981.09.12"]
[Date "1981.09.25"]
[Round "12"]
[White "Kurajica, Bojan"]
[Black "Matulovic, Milan"]
[Result "1/2-1/2"]
[WhiteElo "2500"]
[BlackElo "2495"]
[PlyCount "30"]
[Source "Perpetual Check"]

1. e4 c6 2. d4 d5 3. exd5 cxd5 4. c4 Nf6 5. Nc3 Nc6 6. Bg5 Qa5 7. Bxf6 exf6 8.
cxd5 Bb4 9. dxc6 Bxc3+ 10. bxc3 Qxc3+ 11. Ke2 O-O 12. f3 Re8+ 13. Kf2 Qe3+ 14.
Kg3 Qg5+ 15. Kf2 Qe3+ 1/2-1/2

[Event "9th Boris Kostic mem"]
[Site "Vrsac"]
[EventDate "1981.09.12"]
[Date "1981.09.25"]
[Round "12"]
[White "Cebalo, Miso"]
[Black "Rajkovic, Dusan"]
[Result "1/2-1/2"]
[WhiteElo "2500"]
[BlackElo "2470"]
[PlyCount "24"]
[Source "Perpetual Check"]

1. c4 c5 2. Nf3 Nf6 3. Nc3 Nc6 4. g3 g6 5. Bg2 Bg7 6. O-O O-O 7. d4 d6 8. dxc5
dxc5 9. Bf4 Be6 10. Qa4 Qa5 11. Qxa5 Nxa5 12. b3 Nc6 1/2-1/2

[Event "9th Boris Kostic mem"]
[Site "Vrsac"]
[EventDate "1981.09.12"]
[Date "1981.09.25"]
[Round "12"]
[White "Chandler, Murray Graham"]
[Black "Velickovic, Sasa"]
[Result "1/2-1/2"]
[WhiteElo "2530"]
[BlackElo "2410"]
[PlyCount "43"]
[Source "Perpetual Check"]

1. e4 c5 2. g3 Nc6 3. Bg2 g6 4. d3 Bg7 5. c3 d6 6. f4 e5 7. Nf3 Nge7 8. O-O O-O
9. Na3 b6 10. f5 gxf5 11. Nh4 f6 12. exf5 d5 13. Nc2 Bb7 14. d4 Qd7 15. Be3
cxd4 16. cxd4 Rac8 17. Qd2 Qd6 18. Rfd1 Rfd8 19. Rac1 Rc7 20. g4 Rdc8 21. Nf3
Nd8 22. Bf1 1/2-1/2

[Event "9th Boris Kostic mem"]
[Site "Vrsac"]
[EventDate "1981.09.12"]
[Date "1981.09.26"]
[Round "13"]
[White "Nikolic, Predrag"]
[Black "Petrosian, Tigran"]
[Result "1/2-1/2"]
[WhiteElo "2510"]
[BlackElo "2585"]
[PlyCount "49"]
[Source "Perpetual Check"]

1. d4 d5 2. c4 dxc4 3. Nf3 Nf6 4. e3 e6 5. Bxc4 c5 6. O-O a6 7. a4 Nc6 8. Qe2
cxd4 9. Rd1 Be7 10. exd4 O-O 11. Nc3 Nd5 12. Bd3 Ncb4 13. Bb1 b6 14. Qe4 g6 15.
Bh6 Re8 16. Ne5 Bb7 17. Qf3 f5 18. Qg3 Bh4 19. Qh3 Rc8 20. Ra3 Bf6 21. Re1 a5
22. Nb5 Ba6 23. Qg3 Bh4 24. Qb3 Bf6 25. Qd1 1/2-1/2

[Event "9th Boris Kostic mem"]
[Site "Vrsac"]
[EventDate "1981.09.12"]
[Date "1981.09.26"]
[Round "13"]
[White "Campora, Daniel Hugo"]
[Black "Kapelan, Milorad"]
[Result "1/2-1/2"]
[WhiteElo "2490"]
[BlackElo "2305"]
[PlyCount "84"]
[Source "Perpetual Check"]

1. e4 e5 2. Nf3 Nf6 3. Nc3 Nc6 4. Bb5 d6 5. d4 exd4 6. Qxd4 Bd7 7. Bxc6 Bxc6 8.
Bg5 Be7 9. O-O-O O-O 10. Rhe1 Nd7 11. Bxe7 Qxe7 12. e5 Nxe5 13. Nxe5 dxe5 14.
Rxe5 Qf6 15. Nd5 Bxd5 16. Rxd5 Qxd4 17. R1xd4 Rfe8 18. Rd7 Re1+ 19. Kd2 Rae8
20. Rxc7 R1e2+ 21. Kc3 Rxf2 22. Rd2 Rxd2 23. Kxd2 Rb8 24. c4 g5 25. Kd3 Kg7 26.
c5 h5 27. h4 gxh4 28. b4 Kf6 29. Ke4 Ke6 30. b5 Rg8 31. c6 b6 32. Rxa7 Rxg2 33.
Ra8 Rc2 34. Rh8 Kd6 35. Rh6+ Kc7 36. a4 Rc4+ 37. Kd5 Rc5+ 38. Kd4 h3 39. Rf6 h2
40. Rxf7+ Kd6 41. Rf6+ Kc7 42. Rf7+ Kd6 1/2-1/2

[Event "9th Boris Kostic mem"]
[Site "Vrsac"]
[EventDate "1981.09.12"]
[Date "1981.09.26"]
[Round "13"]
[White "Velickovic, Sasa"]
[Black "Ftacnik, Lubomir"]
[Result "1/2-1/2"]
[WhiteElo "2410"]
[BlackElo "2525"]
[PlyCount "80"]
[Source "Perpetual Check"]

1. e4 c5 2. c3 d6 3. d4 Nf6 4. Bb5+ Bd7 5. Bxd7+ Nbxd7 6. Qe2 e6 7. Nf3 Be7 8.
O-O O-O 9. e5 dxe5 10. dxe5 Nd5 11. a3 Qc7 12. c4 N5b6 13. Nc3 Rad8 14. Bf4 Nb8
15. Nb5 Qc6 16. Rad1 a6 17. Nc3 Na4 18. Nxa4 Qxa4 19. Bg5 Nc6 20. Bxe7 Nxe7 21.
Ng5 h6 22. Ne4 b6 23. Nd6 Nc6 24. Rd3 Nd4 25. Qd2 Qc6 26. Re1 f5 27. f4 Kh7 28.
Ree3 Rd7 29. b4 Rfd8 30. Re1 a5 31. b5 Qa8 32. a4 Rg8 33. h4 Qd8 34. Rh3 g6 35.
Ree3 Kg7 36. Reg3 Kf8 37. Kf2 Rdg7 38. Rh1 Ke7 39. Rhh3 Kd7 40. Kf1 Kc7 1/2-1/2

[Event "9th Boris Kostic mem"]
[Site "Vrsac"]
[EventDate "1981.09.12"]
[Date "1981.09.26"]
[Round "13"]
[White "Sax, Gyula"]
[Black "Chandler, Murray Graham"]
[Result "1/2-1/2"]
[WhiteElo "2550"]
[BlackElo "2530"]
[PlyCount "25"]
[Source "Perpetual Check"]

1. e4 c6 2. d4 d5 3. f3 e6 4. Nc3 Bb4 5. Nge2 dxe4 6. fxe4 Qh4+ 7. Ng3 Nf6 8.
Qf3 O-O 9. Bf4 Nbd7 10. O-O-O Re8 11. e5 Bxc3 12. exf6 e5 13. Be3 1/2-1/2

[Event "9th Boris Kostic mem"]
[Site "Vrsac"]
[EventDate "1981.09.12"]
[Date "1981.09.26"]
[Round "13"]
[White "Matulovic, Milan"]
[Black "Cebalo, Miso"]
[Result "1-0"]
[WhiteElo "2495"]
[BlackElo "2500"]
[PlyCount "149"]
[Source "Perpetual Check"]

1. e4 c5 2. Nf3 e6 3. d4 cxd4 4. Nxd4 Nf6 5. Nc3 d6 6. g4 h6 7. h4 Nc6 8. Rg1
h5 9. g5 Ng4 10. Be2 Qb6 11. Bxg4 hxg4 12. Nxc6 bxc6 13. Qxg4 g6 14. b3 Bg7 15.
Bb2 Qa5 16. Qg3 Be5 17. f4 Bd4 18. Rh1 Bb7 19. O-O-O c5 20. Rhe1 O-O-O 21. Na4
Bxb2+ 22. Kxb2 d5 23. exd5 Rxd5 24. Rxd5 Bxd5 25. Re5 Qd2 26. Nxc5 Qd4+ 27. Qc3
Qxc3+ 28. Kxc3 Rxh4 29. Nd3 Rh2 30. Re1 Kd7 31. Rf1 Ke7 32. Rf2 Rh3 33. Kd4 f6
34. c4 Ba8 35. gxf6+ Kxf6 36. Re2 Rh4 37. Re5 Bg2 38. Ra5 Bf1 39. Nf2 Rxf4+ 40.
Ne4+ Kg7 41. Rxa7+ Kh6 42. Ke5 g5 43. Re7 Bd3 44. Rxe6+ Kh5 45. Nf6+ Kh4 46.
Rd6 Bb1 47. Rd2 Rf5+ 48. Ke6 Rf3 49. Rh2+ Kg3 50. Rb2 Bf5+ 51. Ke5 g4 52. b4
Kh3 53. Nxg4 Kxg4 54. b5 Rc3 55. b6 Bc8 56. Kd4 Ra3 57. b7 Bxb7 58. Rxb7 Kf5
59. Kd5 Rd3+ 60. Kc6 Ke6 61. c5 Rd8 62. a4 Ra8 63. Kb5 Rh8 64. a5 Rh1 65. a6
Ra1 66. Kb6 Kd5 67. Rd7+ Ke6 68. Rd2 Rb1+ 69. Kc6 Ra1 70. Re2+ Kf7 71. Kb7 Rb1+
72. Kc7 Ra1 73. c6 Rxa6 74. Kd7 Ra1 75. Rf2+ 1-0

[Event "9th Boris Kostic mem"]
[Site "Vrsac"]
[EventDate "1981.09.12"]
[Date "1981.09.27"]
[Round "14"]
[White "Kurajica, Bojan"]
[Black "Cebalo, Miso"]
[Result "1/2-1/2"]
[WhiteElo "2500"]
[BlackElo "2500"]
[PlyCount "24"]
[Source "Perpetual Check"]

1. d4 Nf6 2. Nf3 e6 3. c4 b6 4. g3 Bb7 5. Bg2 Be7 6. O-O O-O 7. Nc3 Ne4 8. Bd2
d6 9. Qc2 Nxd2 10. Qxd2 Nd7 11. e4 e5 12. d5 a5 1/2-1/2

[Event "9th Boris Kostic mem"]
[Site "Vrsac"]
[EventDate "1981.09.12"]
[Date "1981.09.27"]
[Round "14"]
[White "Chandler, Murray Graham"]
[Black "Rajkovic, Dusan"]
[Result "1/2-1/2"]
[WhiteElo "2530"]
[BlackElo "2470"]
[PlyCount "47"]
[Source "Perpetual Check"]

1. e4 e6 2. d4 d5 3. Nd2 Nf6 4. e5 Nfd7 5. f4 c5 6. c3 Nc6 7. Ndf3 cxd4 8. cxd4
Bb4+ 9. Bd2 Qb6 10. Ne2 f6 11. Bxb4 Qxb4+ 12. Qd2 Qxd2+ 13. Kxd2 Nb6 14. Nc3
Bd7 15. b3 Ke7 16. Be2 Be8 17. g4 Bg6 18. Ke3 fxe5 19. fxe5 Be4 20. Nxe4 dxe4
21. Kxe4 Rhf8 22. Bc4 Rad8 23. Rhf1 h6 24. h4 1/2-1/2

[Event "9th Boris Kostic mem"]
[Site "Vrsac"]
[EventDate "1981.09.12"]
[Date "1981.09.27"]
[Round "14"]
[White "Ftacnik, Lubomir"]
[Black "Sax, Gyula"]
[Result "1/2-1/2"]
[WhiteElo "2525"]
[BlackElo "2550"]
[PlyCount "110"]
[Source "Perpetual Check"]

1. Nf3 Nf6 2. c4 g6 3. Nc3 d5 4. d4 Bg7 5. cxd5 Nxd5 6. e4 Nxc3 7. bxc3 c5 8.
Be3 Qa5 9. Qd2 O-O 10. Rc1 cxd4 11. cxd4 Qxd2+ 12. Nxd2 Nc6 13. Nb3 Rd8 14. d5
Nb4 15. a3 Na2 16. Rc2 Nc3 17. Bd3 e6 18. Bg5 f6 19. Bd2 Na4 20. Bb5 Bd7 21.
Bxd7 Rxd7 22. dxe6 Rd3 23. Na5 b6 24. Nb7 Bf8 25. Bb4 Bxb4+ 26. axb4 Rb8 27.
Ke2 Rc3 28. Rd2 Rc7 29. Nd6 Nc3+ 30. Kd3 Kf8 31. Rc1 Nb5 32. Rxc7 Nxc7 33. Kc4
Nxe6 34. Kb5 Ke7 35. Nc4 Rc8 36. Ne3 Rc1 37. Nd5+ Kf7 38. Ka6 Ra1+ 39. Kb7 Nd8+
40. Kc7 Ne6+ 41. Kc6 Nd8+ 42. Kd6 Rc1 43. Rd3 a5 44. Rf3 axb4 45. Rxf6+ Kg7 46.
Kd7 Nb7 47. f3 Nc5+ 48. Ke8 b3 49. h4 Nxe4 50. Rxb6 Nc5 51. Ke7 Rc2 52. Kd6 b2
53. Ne3 Re2 54. Kxc5 Rxe3 55. Rxb2 h5 1/2-1/2

[Event "9th Boris Kostic mem"]
[Site "Vrsac"]
[EventDate "1981.09.12"]
[Date "1981.09.27"]
[Round "14"]
[White "Kapelan, Milorad"]
[Black "Velickovic, Sasa"]
[Result "1/2-1/2"]
[WhiteElo "2305"]
[BlackElo "2410"]
[PlyCount "74"]
[Source "Perpetual Check"]

1. Nf3 c5 2. c4 Nc6 3. d4 cxd4 4. Nxd4 g6 5. g3 Bg7 6. Nb3 d6 7. Bg2 Nf6 8. Nc3
O-O 9. O-O Na5 10. Nxa5 Qxa5 11. Qd2 Re8 12. Rd1 Qc5 13. Qd4 Qxd4 14. Rxd4 Nd7
15. Rd1 Bxc3 16. bxc3 Nb6 17. c5 dxc5 18. Be3 Na4 19. c4 e5 20. Bh6 Rb8 21.
Rac1 Be6 22. f4 Nb6 23. Bd5 Bxd5 24. cxd5 Rbc8 25. Rb1 exf4 26. d6 Rcd8 27. d7
Re6 28. Bxf4 Rc6 29. a4 c4 30. a5 c3 31. axb6 c2 32. bxa7 Ra6 33. Rbc1 cxd1=Q+
34. Rxd1 Rxa7 35. Bg5 Raa8 36. Bf6 b5 37. Kf2 b4 1/2-1/2

[Event "9th Boris Kostic mem"]
[Site "Vrsac"]
[EventDate "1981.09.12"]
[Date "1981.09.27"]
[Round "14"]
[White "Smejkal, Jan"]
[Black "Campora, Daniel Hugo"]
[Result "1-0"]
[WhiteElo "2540"]
[BlackElo "2490"]
[PlyCount "77"]
[Source "Perpetual Check"]

1. c4 e5 2. Nc3 Nf6 3. Nf3 Nc6 4. g3 Nd4 5. Bg2 Nxf3+ 6. Bxf3 Bc5 7. d3 O-O 8.
O-O c6 9. Bg5 h6 10. Bxf6 Qxf6 11. Ne4 Qe7 12. Nxc5 Qxc5 13. Qd2 a5 14. a3 a4
15. Rac1 f5 16. Rfd1 Qe7 17. c5 d5 18. cxd6 Qxd6 19. Rc4 Rd8 20. Qc2 e4 21. Bg2
Qe5 22. Rxa4 Rxa4 23. Qxa4 Qxb2 24. dxe4 Rxd1+ 25. Qxd1 Qxa3 26. Bh3 Be6 27.
Bxf5 Bxf5 28. exf5 b5 29. Qd8+ Kh7 30. Kg2 Qc3 31. Qe7 Kg8 32. e4 Qc4 33. h4 b4
34. g4 b3 35. g5 hxg5 36. hxg5 Qe2 37. Kg3 Qb5 38. Qd8+ Kh7 39. g6+ 1-0

[Event "9th Boris Kostic mem"]
[Site "Vrsac"]
[EventDate "1981.09.12"]
[Date "1981.09.29"]
[Round "15"]
[White "Campora, Daniel Hugo"]
[Black "Petrosian, Tigran"]
[Result "0-1"]
[WhiteElo "2490"]
[BlackElo "2585"]
[PlyCount "70"]
[Source "Perpetual Check"]

1. e4 e6 2. d4 d5 3. Nc3 Bb4 4. Nge2 dxe4 5. a3 Be7 6. Nxe4 Nc6 7. Be3 Nf6 8.
Nxf6+ Bxf6 9. Qd2 O-O 10. O-O-O Ne7 11. Nc3 Nf5 12. Ne4 Be7 13. Bg5 b6 14. Bxe7
Qxe7 15. Ng3 Nh4 16. Bd3 Bb7 17. f3 Rad8 18. Be4 Bxe4 19. fxe4 Rd7 20. Rhg1
Rfd8 21. Qe3 c5 22. c3 cxd4 23. cxd4 Rxd4 24. Rxd4 Qc5+ 25. Kb1 Qxd4 26. Qxd4
Rxd4 27. Rc1 g6 28. Rc7 Nxg2 29. Rxa7 f5 30. exf5 exf5 31. Kc2 f4 32. Ne2 Ne1+
33. Kc3 Rd3+ 34. Kc4 f3 35. Nf4 f2 0-1

[Event "9th Boris Kostic mem"]
[Site "Vrsac"]
[EventDate "1981.09.12"]
[Date "1981.09.29"]
[Round "15"]
[White "Velickovic, Sasa"]
[Black "Smejkal, Jan"]
[Result "0-1"]
[WhiteElo "2410"]
[BlackElo "2540"]
[PlyCount "82"]
[Source "Perpetual Check"]

1. e4 e5 2. Nf3 Nc6 3. Bb5 a6 4. Ba4 Nf6 5. O-O Be7 6. Re1 b5 7. Bb3 O-O 8. a4
Bb7 9. d3 d6 10. Nc3 b4 11. Nd5 Nxd5 12. Bxd5 Rb8 13. c3 Qd7 14. Be3 bxc3 15.
bxc3 Na5 16. Bxb7 Rxb7 17. d4 exd4 18. Nxd4 Bf6 19. Nf5 Qe6 20. Bd4 Rfb8 21.
Qd3 g6 22. Bxf6 Qxf6 23. Nh6+ Kg7 24. Ng4 Qe6 25. h3 h5 26. Nh2 Nb3 27. Ra3 Nc5
28. Qd4+ Kg8 29. c4 Rb4 30. Rc3 Nxa4 31. Rc2 Nc5 32. Nf3 Rb1 33. Rce2 R8b4 34.
Rxb1 Rxb1+ 35. Kh2 Rc1 36. e5 Qxc4 37. Qd2 Nb3 38. Qe3 Rc3 39. Qg5 Rxf3 40. e6
Qxe2 41. Qd8+ Kh7 0-1

[Event "9th Boris Kostic mem"]
[Site "Vrsac"]
[EventDate "1981.09.12"]
[Date "1981.09.29"]
[Round "15"]
[White "Sax, Gyula"]
[Black "Kapelan, Milorad"]
[Result "1-0"]
[WhiteElo "2550"]
[BlackElo "2305"]
[PlyCount "81"]
[Source "Perpetual Check"]

1. e4 e5 2. Nf3 Nf6 3. Nxe5 d6 4. Nf3 Nxe4 5. d4 d5 6. Bd3 Nc6 7. O-O Be7 8.
Re1 Nf6 9. c3 Bg4 10. Bg5 O-O 11. Nbd2 Bh5 12. Qb3 Na5 13. Qc2 Bg6 14. Ne5 Bxd3
15. Qxd3 Re8 16. Re3 Nc6 17. Nxc6 bxc6 18. Rae1 Qd7 19. Qe2 Bf8 20. Bxf6 Rxe3
21. fxe3 gxf6 22. Rf1 Qe6 23. Rf3 c5 24. Qf2 cxd4 25. exd4 Bh6 26. Nf1 Bg7 27.
Ng3 Kh8 28. Nh5 Re8 29. Rg3 Rg8 30. Re3 Qd6 31. Rf3 Re8 32. Nxf6 Re6 33. Nh5
Qe7 34. h3 f6 35. Nf4 Rd6 36. Re3 Qf7 37. Qe2 Bf8 38. Re8 c6 39. Ra8 Rd7 40.
Qe6 Kg8 41. Qg4+ 1-0